Top 50 Hulu Original Series (IMDB) - Statistics

General Stats
  • This quiz has been taken 28 times
    2 since last reset
  • The average score is 17 of 54
Answer Stats
Show Year(s) IMDB % Correct
The Bear 2022-Present 8.5
100%
11.22.63 2016 8.0
50%
Castle Rock 2018-2019 7.5
50%
Casual 2015-2018 7.5
50%
Catch-22 2019 7.7
50%
Chance 2016-2017 7.6
50%
Devs 2020 7.6
50%
Dopesick 2021 8.6
50%
Future Man 2017-2020 7.6
50%
Harlots 2017-2019 7.7
50%
High Fidelity 2020 7.7
50%
Little Fires Everywhere 2020 7.6
50%
Looking for Alaska 2019 8.0
50%
Love, Victor 2020-2022 8.0
50%
Mrs. America 2020 7.8
50%
Only Murders in the Building 2021-Present 8.0
50%
PEN15 2019-2021 8.1
50%
Quick Draw 2013-2014 7.6
50%
Reservation Dogs 2021-2023 8.3
50%
Shōgun 2024-2026 8.6
50%
Solar Opposites 2020-2025 7.9
50%
The Act 2019 7.8
50%
The Confession 2011 7.6
50%
The Dropout 2022 7.5
50%
The Great 2020-2023 8.1
50%
The Handmaid's Tale 2017-2025 8.3
50%
The Looming Tower 2018 8.0
50%
The Mindy Project 2015-2017 7.5
50%
The Orville 2022 8.0
50%
Under the Banner of Heaven 2022 7.5
50%
UnREAL 2018 7.7
50%
Veronica Mars 2019 8.3
50%
Wu-Tang: An American Saga 2019-2023 8.3
50%
Animaniacs 2020-2023 7.7
0%
Chad Powers 2025-Present 7.5
0%
City of Angels, City of Death 2021-Present 7.8
0%
Cult Massacre: One Day in Jonestown 2024 7.5
0%
Dying for Sex 2025 7.6
0%
Fleishman Is in Trouble 2022 7.7
0%
Hit-Monkey 2021-2024 7.7
0%
King of the Hill 2025-Present 7.6
0%
Legacy: The True Story of the LA Lakers 2022 8.2
0%
Mastermind: To Think Like a Killer 2024 7.6
0%
McCartney 3,2,1 2021 8.7
0%
Mid-Century Modern 2025 7.5
0%
No Man's Land 2020-Present 7.8
0%
Paradise 2025-Present 7.8
0%
Pistol 2022 7.6
0%
Pretty Baby: Brooke Shields 2023 7.5
0%
Say Nothing 2024 8.2
0%
Thank You, Goodnight: The Bon Jovi Story 2024 7.6
0%
The Hotwives of Orlando 2014 7.5
0%
This Fool 2022-2023 7.6
0%
We Were the Lucky Ones 2024 7.7
0%
No matching quizzes found
Score Distribution
Percent of People with Each Score
Percentile by Number Answered
Your Score History
You have not taken this quiz since the last reset